The adventures of spider: West african folktales / (Record no. 105561)
[ view plain ]
| 000 -LEADER | |
|---|---|
| fixed length control field | 00780nam a2200193 a 4500 |
| 005 - DATE AND TIME OF LATEST TRANSACTION | |
| control field | 20140412111406.0 |
| 008 - FIXED-LENGTH DATA ELEMENTS--GENERAL INFORMATION | |
| fixed length control field | 070813s19uu xx 00 eng d |
| 020 ## - INTERNATIONAL STANDARD BOOK NUMBER | |
| International Standard Book Number | 0-590-03434-0 |
| 050 ## - LIBRARY OF CONGRESS CALL NUMBER | |
| Classification number | M 398.27 |
| Item number | Ar4 1964 |
| 100 ## - MAIN ENTRY--PERSONAL NAME | |
| Personal name | Cooper, Arkhurst Joyce |
| 245 ## - TITLE STATEMENT | |
| Title | The adventures of spider: West african folktales / |
| Statement of responsibility, etc | Retold by Joyce Cooper Arkhurst ; Illustrated by Jerry Pinkney. |
| 260 ## - PUBLICATION, DISTRIBUTION, ETC. (IMPRINT) | |
| Place of publication, distribution, etc | New York : |
| Name of publisher, distributor, etc | Scholastic, |
| Date of publication, distribution, etc | 1964. |
| 300 ## - PHYSICAL DESCRIPTION | |
| Extent | 58p. : col. ill. ; 24 cm. |
| 520 ## - SUMMARY, ETC. | |
| Summary, etc | Presents six tales about spider, including those which explain how he got a thin waist and a bald head and why he lives in ceilings and dark corners. |
| 650 ## - SUBJECT ADDED ENTRY--TOPICAL TERM | |
| Topical term or geographic name as entry element | Anansi (Legendary character) |
| General subdivision | Legends |
| 650 ## - SUBJECT ADDED ENTRY--TOPICAL TERM | |
| Topical term or geographic name as entry element | Folklore- |
| General subdivision | Africa west |
| 650 ## - SUBJECT ADDED ENTRY--TOPICAL TERM | |
| Topical term or geographic name as entry element | Spiders |
| General subdivision | Folklore |
| Withdrawn status | Lost status | Damaged status | Home library | Current library | Shelving location | Date acquired | Source of acquisition | Total Checkouts | Full call number | Barcode | Date last seen | Price effective from | Koha item type |
|---|---|---|---|---|---|---|---|---|---|---|---|---|---|
| Elizalde Library | Elizalde Library | Main Section | 08/13/2007 | M 398.27 Ar4 1964 | E10341 | 04/12/2014 | 04/12/2014 | Books |